Micro propagation methods in temporary immersion systems / (Record no. 52175)

MARC details
000 -LEADER
fixed length control field 00684nam a2200229Ia 4500
005 - DATE AND TIME OF LATEST TRANSACTION
control field 20260429112051.0
008 - FIXED-LENGTH DATA ELEMENTS--GENERAL INFORMATION
fixed length control field 260429s9999||||xx |||||||||||||| ||und||
020 ## - INTERNATIONAL STANDARD BOOK NUMBER
International Standard Book Number 9781071636565
041 ## - LANGUAGE CODE
Language English
082 ## - DEWEY DECIMAL CLASSIFICATION NUMBER
Classification number 631.53
Item number RAM
100 ## - MAIN ENTRY--PERSONAL NAME
Personal name Ramírez-Mosqueda, Marco A.
245 #0 - TITLE STATEMENT
Title Micro propagation methods in temporary immersion systems /
Statement of responsibility, etc Marco A. Ramírez-Mosqueda
250 ## - EDITION STATEMENT
Edition statement 1st ed.
260 ## - PUBLICATION, DISTRIBUTION, ETC. (IMPRINT)
Place of publication, distribution, etc New York :
Name of publisher, distributor, etc Humana Press,
Date of publication, distribution, etc 2024.
300 ## - PHYSICAL DESCRIPTION
Extent xiii, 252 p.; pbk
440 ## - SERIES STATEMENT/ADDED ENTRY--TITLE
Title Methods in Molecular Biology 2759
650 ## - SUBJECT ADDED ENTRY--TOPICAL TERM
Topical term or geographic name as entry element Biotechnology
650 ## - SUBJECT ADDED ENTRY--TOPICAL TERM
Topical term or geographic name as entry element Micropropagation
650 ## - SUBJECT ADDED ENTRY--TOPICAL TERM
Topical term or geographic name as entry element Plant tissue culture
700 ## - ADDED ENTRY--PERSONAL NAME
Personal name Cruz-Cruz, Carlos A.
942 ## - ADDED ENTRY ELEMENTS (KOHA)
Koha item type Text Books
Holdings
Withdrawn status Lost status Damaged status Not for loan Collection code Home library Location Shelving location Date of Cataloging Source of acquisition Total Checkouts Full call number Barcode Date last seen Price effective from Koha item type
        Non-fiction CUTN Central Library CUTN Central Library Medicine, Technology & Management 29/04/2026 International Books Services, New Delhi - Invoice No. IBS/2025-2026/191 on 09-02-2026   631.53 RAM 57251 29/04/2026 29/04/2026 Text Books